Countries by Olympics-Related Clue - Statistics

General Stats
  • This quiz has been taken 22,596 times
  • The average score is 15 of 20
Answer Stats
Hint Answer % Correct
Has the most Olympic medals of any country United States
99%
Has utterly dominated the sport of table tennis, winning 86% of all gold medals China
97%
The first country to host the modern games, in 1896 Greece
97%
The first Asian country to host the games Japan
96%
Banned from the Olympics since 2017 for state-sponsored doping Russia
94%
Has the most Winter Olympic medals of any country Norway
87%
Has won the most medals in the marathon Kenya
83%
Has hosted the Olympics more times than any other country except the U.S. France
82%
Has more swimming medals than any country besides the U.S. Australia
78%
Won the gold medal in the men's AND women's 100 meter dash in 2008, 2012, and 2016 Jamaica
78%
Dominated the 1936 Olympics, winning 29% of all medals awarded Germany
71%
Country represented by Nadia Comăneci, the first gymnast to earn a perfect 10.0 Romania
70%
One of two African countries to win a gold medal in football Nigeria / Cameroon
65%
Notable medalists include Mo Farah and Paula Radcliffe Great Britain
63%
Has the most medals in alpine skiing Austria
60%
Despite a population over 170 million, it has never won an Olympic medal Bangladesh
57%
Country which hosted the games in 1968. The thin air helped Bob Beamon shatter the long jump world record. Mexico
55%
Country represented by Paavo Nurmi, a 9-time gold medalist in distance running Finland
47%
Has won 9 golds in men's water polo, including the famous "Blood in the Water" match against the Soviets in 1956 Hungary
39%
Led by Manu Ginobili, they won a gold medal in men's basketball in 2004 Argentina
37%
No matching quizzes found
Score Distribution
Percent of People with Each Score
Percentile by Number Answered
Your Score History
You have not taken this quiz